<?xml version="1.0" encoding="UTF-8"?><?xml-stylesheet type="text/xsl" href="static/style.xsl"?><OAI-PMH xmlns="http://www.openarchives.org/OAI/2.0/" xmlns:xsi="http://www.w3.org/2001/XMLSchema-instance" xsi:schemaLocation="http://www.openarchives.org/OAI/2.0/ http://www.openarchives.org/OAI/2.0/OAI-PMH.xsd"><responseDate>2026-04-17T02:49:55Z</responseDate><request verb="GetRecord" identifier="oai:www.recercat.cat:2117/431548" metadataPrefix="marc">https://recercat.cat/oai/request</request><GetRecord><record><header><identifier>oai:recercat.cat:2117/431548</identifier><datestamp>2025-07-23T04:33:25Z</datestamp><setSpec>com_2072_1033</setSpec><setSpec>col_2072_452951</setSpec></header><metadata><record xmlns="http://www.loc.gov/MARC21/slim" xmlns:dcterms="http://purl.org/dc/terms/" xmlns:xsi="http://www.w3.org/2001/XMLSchema-instance" xmlns:doc="http://www.lyncode.com/xoai" xsi:schemaLocation="http://www.loc.gov/MARC21/slim http://www.loc.gov/standards/marcxml/schema/MARC21slim.xsd">
   <leader>00925njm 22002777a 4500</leader>
   <datafield ind2=" " ind1=" " tag="042">
      <subfield code="a">dc</subfield>
   </datafield>
   <datafield ind2=" " ind1=" " tag="720">
      <subfield code="a">Vergés Cardells, Victor</subfield>
      <subfield code="e">author</subfield>
   </datafield>
   <datafield ind2=" " ind1=" " tag="260">
      <subfield code="c">2025-05-27</subfield>
   </datafield>
   <datafield ind2=" " ind1=" " tag="520">
      <subfield code="a">Aquest projecte té com a objectiu estudiar la viabilitat tècnica i econòmica de la&#xd;
transformació d’un contenidor marítim tipus High Cube en un habitatge sostenible, el més&#xd;
autònom possible i funcional. L’habitatge proposat ha estat pensat per ubicar-se en entorns&#xd;
naturals propers a una població, i incorpora sistemes d’autoconsum energètic mitjançant&#xd;
plaques solars i bateries, així com una instal·lació d’aigua connectada a la xarxa&#xd;
convencional. El treball s’ha centrat en l’anàlisi de les modificacions necessàries per&#xd;
adaptar l’estructura metàl·lica a l’ús residencial, incloent-hi el condicionament tèrmic, la&#xd;
protecció contra incendis, la distribució interior i la instal·lació dels sistemes tècnics&#xd;
essencials. També s’han estimat els consums d’aigua i d’electricitat per a una o dues&#xd;
persones i s’han estudiat les diferents alternatives per abastir-los, i s’ha fet una primera&#xd;
aproximació als costos de construcció i amortització. El resultat del treball mostra que la&#xd;
proposta és tècnicament viable i que pot tenir un bon encaix en el sector del turisme rural,&#xd;
atès l’interès creixent per allotjaments sostenibles i integrats en el medi. Les conclusions&#xd;
indiquen que, tot i havent-hi diverses limitacions tècniques i de superfície, el model és&#xd;
escalable i representa una alternativa atractiva per a la construcció modular de baix impacte&#xd;
ambiental.</subfield>
   </datafield>
   <datafield tag="653" ind2=" " ind1=" ">
      <subfield code="a">Àrees temàtiques de la UPC::Edificació::Elements constructius d'edificis</subfield>
   </datafield>
   <datafield tag="653" ind2=" " ind1=" ">
      <subfield code="a">Unitized cargo systems</subfield>
   </datafield>
   <datafield tag="653" ind2=" " ind1=" ">
      <subfield code="a">Tourist camps, hostels, etc.</subfield>
   </datafield>
   <datafield tag="653" ind2=" " ind1=" ">
      <subfield code="a">Contenidor marítim</subfield>
   </datafield>
   <datafield tag="653" ind2=" " ind1=" ">
      <subfield code="a">Habitatge</subfield>
   </datafield>
   <datafield tag="653" ind2=" " ind1=" ">
      <subfield code="a">Reciclar</subfield>
   </datafield>
   <datafield tag="653" ind2=" " ind1=" ">
      <subfield code="a">Turisme sostenible</subfield>
   </datafield>
   <datafield tag="653" ind2=" " ind1=" ">
      <subfield code="a">Contenidors</subfield>
   </datafield>
   <datafield tag="653" ind2=" " ind1=" ">
      <subfield code="a">Allotjament turístic</subfield>
   </datafield>
   <datafield ind2="0" ind1="0" tag="245">
      <subfield code="a">Estudi per la reutilització de contenidors marítims en desús per l'habitatge turístic</subfield>
   </datafield>
</record></metadata></record></GetRecord></OAI-PMH>